| 000 | 00664nam a22002057a 4500 | ||
|---|---|---|---|
| 003 | OSt | ||
| 005 | 20250924005458.0 | ||
| 008 | 250924b |||||||| |||| 00| 0 eng d | ||
| 020 | _a 0-89535-210-9 | ||
| 040 |
_aDWCL-Main lib _cOC |
||
| 082 | _aCirc. 641.5945 M489i 1988 | ||
| 100 | _aLorenza De Mewdici | ||
| 245 |
_a Italy the beautiful cookbook: _bauthentic recipes from the region of Italy/ _cLorenza De Mewdici |
||
| 260 |
_aUnited States of America: _bThe Knapp Press, _cc1988. |
||
| 300 |
_a255 pages : _bcolor illustration; _c35cm. |
||
| 504 | _aIncludes Index | ||
| 650 | _a1. Cooking Italian | ||
| 650 | _a2. Travel | ||
| 942 |
_2ddc _cBK-CIRC _kCirc. _n0 |
||
| 999 |
_c4517 _d4517 |
||